| 000 | 01049nam a2200313 a 4500 | ||
|---|---|---|---|
| 001 | 66623 | ||
| 003 | BD-RjUL | ||
| 005 | 20211209081548.0 | ||
| 008 | 170318s1983 nyu b 001 0 eng | ||
| 020 | _a0898626218 | ||
| 035 | _a(BD-RjUL)66753 | ||
| 040 |
_aDLC _cDLC _dDLC _dBD-RjUL _beng |
||
| 041 | _aeng | ||
| 060 | _aWS 350.6 D489206 | ||
| 082 | 0 | 0 |
_a618.928589 _223 _bDEV 1983 |
| 245 | 0 | 0 |
_aDevelopmental neuropsychiatry / _cedited by Michael Rutter. |
| 260 |
_aNew York : _bGuilford Press, _cc1983. |
||
| 300 |
_axiii, 632 p. : _bill. ; _c26 cm. |
||
| 504 | _aIncludes bibliographies and indexes. | ||
| 650 | 0 |
_aBrain-damaged children. _9196879 |
|
| 650 | 0 |
_aMinimal brain dysfunction in children. _9197242 |
|
| 650 | 0 |
_aPediatric neuropsychiatry. _9197243 |
|
| 650 | 2 |
_aBrain damage, Chronic _xIn infancy and childhood. _9196881 |
|
| 650 | 2 |
_aChild development disorders. _9197244 |
|
| 650 | 2 |
_aHyperkinetic syndrome. _9197245 |
|
| 650 | 2 |
_aLearning disorders. _9196882 |
|
| 700 | 1 |
_aRutter, Michael, _d1933- _9197246 |
|
| 942 |
_2ddc _cBK |
||
| 999 |
_c66623 _d66623 |
||